000 00748nam a2200253 i 4500
001 bg
245 0 0 _aFinanse /
_cred. nauk. Jan Zarzecki ; [aut. Munir Al-Kaber].
250 _aWyd. 2 uaktual. i poszerz.
260 _aBiałystok :
_bWydaw. Wyższej Szkoły Ekonomicznej,
_c2003.
300 _a574 s. ;
_c24 cm.
504 _aBibliogr. przy rozdz.
650 9 _aFinanse
655 _aPodręczniki akademickie
700 1 _aZARZECKI, Jan.
_eRed.
700 1 _aAL-KABER, Munir
020 _a8387981516
040 _cBPK
041 0 _apol
080 _a336(075.8)
920 _a83-87981-51-6
942 _cKS
008 s pl f |000 0 pol
999 _c45397
_d45397
856 _uhttp://koha.tu.koszalin.pl/cgi-bin/koha/opac-detail.pl?biblionumber=45397
_yKatalog online BPK